[Event "Wloclawek-ch"]
[Site "Wloclawek"]
[Date "2011.??.??"]
[Round "4"]
[White "Chrzaszcz, Bartosz"]
[Black "Kaznowski, Kamil"]
[Result "1-0"]
[WhiteElo "1400"]
[BlackElo "1000"]
[PlyCount "65"]
[EventDate "2011.05.??"]
[EventType "swiss"]
[EventRounds "9"]
[EventCountry "POL"]
[SourceTitle "EXT 2021"]
[Source "ChessBase"]
[SourceDate "2020.10.23"]
[SourceVersion "1"]
[SourceVersionDate "2020.10.23"]
[SourceQuality "1"]

1. e4 e5 2. Nf3 Nc6 3. Bb5 d5 4. Nxe5 dxe4 5. Nxc6 Qd5 6. Nxa7+ Bd7 7. Bxd7+ Qxd7 8. 0-0 Rxa7 9. Re1 f5 10. f3 Nf6 11. fxe4 Nxe4 12. d3 Bc5+ 13. Kh1 Bf2 14. Re2 Qe6 15. dxe4 fxe4 16. Rxf2 e3 17. Re2 Qf5 18. Rxe3+ Kf7 19. Rf3 Qf6 20. Rxf6+ Kxf6 21. Qd4+ Kg6 22. Qxa7 Re8 23. Bd2 Rd8 24. Qxb7 Rf8 25. Nc3 Rf2 26. Qc6+ Kf7 27. Qxc7+ Ke8 28. Re1+ Kf8 29. Qc5+ Kf7 30. Qxf2+ Kg6 31. Re6+ Kh5 32. Qf5+ g5 33. Qxg5# 1-0

[Event "Wloclawek-ch"]
[Site "Wloclawek"]
[Date "2011.??.??"]
[Round "3"]
[White "Kaznowski, Kamil"]
[Black "Felski, Krzysztof"]
[Result "0-1"]
[WhiteElo "1000"]
[BlackElo "1600"]
[PlyCount "92"]
[EventDate "2011.05.??"]
[EventType "swiss"]
[EventRounds "9"]
[EventCountry "POL"]
[SourceTitle "EXT 2021"]
[Source "ChessBase"]
[SourceDate "2020.10.23"]
[SourceVersion "1"]
[SourceVersionDate "2020.10.23"]
[SourceQuality "1"]

1. d4 d5 2. Nc3 Nf6 3. Bf4 e6 4. Nf3 Bd6 5. e3 Bxf4 6. exf4 0-0 7. Bd3 a6 8. Ng5 h6 9. Nf3 Qd6 10. Qd2 c5 11. Qe3 cxd4 12. Qxd4 Nc6 13. Qe3 Re8 14. Ne5 d4 15. Qd2 dxc3 16. Qxc3 Nd5 17. Nc4 Qxf4 18. Qd2 e5 19. Qxf4 exf4+ 20. Be2 Nd4 21. 0-0-0 Nxe2+ 22. Kb1 Ndc3+ 23. bxc3 Nxc3+ 24. Kc1 Nxd1 25. Rxd1 Be6 26. Nd6 Red8 27. g4 Bxg4 28. Rd4 g5 29. a4 Rd7 30. a5 Rad8 31. Nxb7 Rxd4 32. Nxd8 Rxd8 33. c4 Rc8 34. Kd2 Rxc4 35. Kd3 Ra4 36. f3 Ra3+ 37. Ke4 Bxf3+ 38. Kf5 Kg7 39. Ke5 Rxa5+ 40. Kd6 Rd5+ 41. Ke7 a5 42. Ke8 a4 43. Ke7 a3 44. Ke8 a2 45. Ke7 a1Q 46. Ke8 Qe5# 0-1